| 000 | 01229nam a2200265Ia 4500 | ||
|---|---|---|---|
| 999 |
_c4383 _d4383 |
||
| 003 | OSt | ||
| 005 | 20200320104615.0 | ||
| 008 | 191128s1996 ck a fr 001 0dspa d | ||
| 020 | _a9589443389 | ||
| 040 |
_aCO-JMCR _cCO-JMCR |
||
| 041 | _aspa | ||
| 082 | 0 | 4 |
_a001.4 / _b S116p |
| 100 | 1 |
_aSabino, Carlos A., _eautor _91142 |
|
| 245 | 1 | 3 |
_aEl proceso de investigación / _cCarlos A. Sabino |
| 260 |
_aMedellín ( Colombia) : _bCometa de papel, _c1996 |
||
| 300 |
_a212 páginas : _bilustraciones a blanco y negro ; _c17 cm. |
||
| 490 | _aLetras ; ensayo | ||
| 504 | _aBibliografía: páginas 235-237. | ||
| 505 | _aEl problema del conocimiento -- El método científico -- La investigación científica -- Planteamiento de la investigación -- El marco teórico -- Problemas de la investigación -- El muestreo -- Instrumentos de recolección de datos | ||
| 520 | _aEsta obra es un excelente material de apoyo para todo el que se inicia en métodos de trabajos de investigación y para quienes aún no han desarrollado una experiencia importante en este campo. | ||
| 546 | _aspa | ||
| 650 | 2 | 4 |
_aMetodología científica _xInvestigación _91144 |
| 650 | 2 | 4 |
_aInvestigación científica _xproceso _91145 |
| 942 |
_2ddc _cBK |
||